[Event "TUR-chT"]
[Site "Izmir"]
[Date "2016.08.03"]
[Round "11.5"]
[White "Can, Isil"]
[Black "Selcuk, Omur"]
[Result "1-0"]
[WhiteElo "1625"]
[BlackElo "1126"]
[PlyCount "91"]
[EventDate "2016.07.25"]
[EventType "team-swiss"]
[EventRounds "13"]
[EventCountry "TUR"]
[SourceTitle "CBM 173 Extra"]
[Source "ChessBase"]
[SourceDate "2016.08.29"]
[SourceVersion "1"]
[SourceVersionDate "2016.08.29"]
[SourceQuality "1"]
[WhiteTeam "Deniz Su Aquamatch"]
[BlackTeam "Kocaeli Buyuksehir Belediyesi"]
[WhiteTeamCountry "TUR"]
[BlackTeamCountry "TUR"]

1. e4 e5 2. Nf3 Nc6 3. Bc4 Nf6 4. d3 Bc5 5. c3 d5 6. exd5 Nxd5 7. Qb3 Be6 8. Qxb7 Nde7 9. Bxe6 fxe6 10. Qb5 Qd6 11. 0-0 0-0 12. Nfd2 Rab8 13. Qc4 Nf5 14. Ne4 Na5 15. Qxc5 Qxd3 16. Qxe5 Nc4 17. Qxe6+ Kh8 18. Nc5 Rbe8 19. Nxd3 Rxe6 20. Nd2 Nxd2 21. Bxd2 Rd6 22. Bf4 Rxd3 23. Rad1 Rdd8 24. Bxc7 Rc8 25. Bf4 Nh4 26. g3 Ng6 27. Be3 h5 28. Rd5 Rb8 29. Rxh5+ Kg8 30. Rg5 Kh7 31. b4 Rbc8 32. Bd4 Rc4 33. h4 Re8 34. h5 Rxd4 35. cxd4 Nf8 36. Re5 Rd8 37. Rd1 g6 38. Re7+ Kh6 39. hxg6 Nxg6 40. Rxa7 Nf8 41. d5 Kg6 42. b5 Nd7 43. Rxd7 Rxd7 44. a4 Ra7 45. b6 Rxa4 46. d6 1-0

[Event "TUR-chT"]
[Site "Izmir"]
[Date "2016.07.27"]
[Round "3.8"]
[White "Ozbay, Ece"]
[Black "Selcuk, Omur"]
[Result "1-0"]
[WhiteElo "1898"]
[BlackElo "1126"]
[PlyCount "47"]
[EventDate "2016.07.25"]
[EventType "team-swiss"]
[EventRounds "13"]
[EventCountry "TUR"]
[SourceTitle "CBM 173 Extra"]
[Source "ChessBase"]
[SourceDate "2016.08.29"]
[SourceVersion "1"]
[SourceVersionDate "2016.08.29"]
[SourceQuality "1"]
[WhiteTeam "TS Alyans"]
[BlackTeam "Kocaeli Buyuksehir Belediyesi"]
[WhiteTeamCountry "TUR"]
[BlackTeamCountry "TUR"]

1. e4 e5 2. Nf3 Nc6 3. Bb5 a6 4. Ba4 b5 5. Bb3 Nf6 6. 0-0 d5 7. exd5 Nxd5 8. Re1 Qd6 9. d4 Bg4 10. dxe5 Qg6 11. Qxd5 Be7 12. e6 0-0 13. Qxc6 Bh3 14. exf7+ Kh8 15. Qxg6 hxg6 16. Rxe7 Bf5 17. Bg5 Rad8 18. Nc3 c5 19. Rc7 Rc8 20. Rxc8 Rxc8 21. Re1 Bd7 22. Re4 Bg4 23. Rxg4 c4 24. Rh4# 1-0

[Event "TUR-chT"]
[Site "Izmir"]
[Date "2016.07.25"]
[Round "1.5"]
[White "Micoogullari, Lara"]
[Black "Selcuk, Omur"]
[Result "1-0"]
[WhiteElo "1670"]
[BlackElo "1126"]
[PlyCount "83"]
[EventDate "2016.07.25"]
[EventType "team-swiss"]
[EventRounds "13"]
[EventCountry "TUR"]
[SourceTitle "CBM 173 Extra"]
[Source "ChessBase"]
[SourceDate "2016.08.29"]
[SourceVersion "1"]
[SourceVersionDate "2016.08.29"]
[SourceQuality "1"]
[WhiteTeam "Hatay Buyuksehir"]
[BlackTeam "Kocaeli Buyuksehir Belediyesi"]
[WhiteTeamCountry "TUR"]
[BlackTeamCountry "TUR"]

1. Nf3 d5 2. g3 Nc6 3. d4 f6 4. Nc3 Bf5 5. a3 Qd7 6. Bg2 e6 7. 0-0 Nge7 8. Nh4 0-0-0 9. Na4 Qd6 10. b4 g5 11. Nf3 h5 12. b5 Na5 13. Nc5 h4 14. Bd2 Nc4 15. Bb4 c6 16. Nxb7 Qc7 17. Nxd8 hxg3 18. hxg3 g4 19. Nh4 Ne3 20. fxe3 Qxg3 21. Be1 Qxe3+ 22. Bf2 Qg5 23. Nf7 Qf4 24. Nxh8 g3 25. Bxg3 Qxg3 26. Nxf5 Nxf5 27. Rxf5 exf5 28. Nf7 Qe3+ 29. Kh1 cxb5 30. Rb1 Qe8 31. Qd3 Qxf7 32. Qxf5+ Qd7 33. Qxf6 Qh7+ 34. Kg1 Bxa3 35. Qa6+ Kd8 36. Qxa3 Qxc2 37. Rc1 Qxe2 38. Qd6+ Ke8 39. Rc8+ Kf7 40. Bxd5+ Kg7 41. Rg8+ Kh7 42. Qg6# 1-0